Tate McRae - So Close To What - Statistics

General Stats
  • This quiz has been taken 220 times
    91 since last reset
  • The average score is 13 of 18
Answer Stats
2025 So Close To What % Correct
1 Miss possessive
90%
2 Revolving door
90%
6 Sports car
87%
3 bloodonmyhands (feat. Flo Milli)
83%
4 Dear god
83%
18 Nostalgia
80%
7 Signs
80%
14 2 hands
79%
13 Greenlight
79%
8 I know love (feat. Kid LAROI)
79%
5 Purple lace bra
79%
10 It's ok I'm ok
73%
15 Siren sounds
69%
12 Means I care
66%
11 No I'm not in love
65%
9 Like I do
62%
17 Call my bluff
32%
16 Better than I was
24%
No matching quizzes found
Score Distribution
Percent of People with Each Score
Percentile by Number Answered
Your Score History
You have not taken this quiz since the last reset